000 00622nam a2200241Ia 4500
003 OSt
005 20220918174248.0
006 a|||||r|||| 00| 0
007 ta
008 220917b |||||||| |||| 00| 0 eng d
024 _a11,275
037 _cTextual
040 _aARTS
_cARTS
_beng
041 _2eng
_aeng
082 _aM2, K1
100 _aBound F Fraser
_949705
245 0 _aIntroduction to journalism
_b a survey of the fourth estate in all its forms
250 _a2nd
260 _c1961
650 _aINDUSTRIAL ARTS
942 _hM2, K1
_cTEXL
_2CC
999 _c152389
_d152389